History Quiz

Random History or Clickable Quiz

1920s Match-Up Quiz Stats

Quiz Updated Dec 23, 2015

Challenge
Share
Tweet
Score 0/36 Timer 05:00
4 Plays Today
% Correct
Al
98%
Charlie
97.6%
Pablo
97.5%
The Great
95.7%
Babe
95.5%
Mein
93.9%
T.S.
91.9%
Spirit of
91.4%
Vladimir
89.6%
Louis
89.6%
Rhapsody in
88.3%
Lost
87.3%
Buster
82.5%
Chiang
81.9%
Black
81.7%
Cotton
79.5%
Irving
76.1%
Hercule
75.3%
% Correct
Harlem
74.3%
Gertrude
73.4%
Scopes
72.5%
Niels
70.2%
Josephine
69.3%
Weimar
69.2%
Ezra
68.6%
Sun
67.2%
Mustafa Kemal
65.9%
Kellogg–Briand
65.7%
Battleship
61%
Marcel
55.4%
Beer Hall
52.4%
Marcus
52.2%
Wassily
52.2%
Paavo
43%
Sergei
40.5%
Fianna
39.2%

You're not logged in!

Compare scores with friends on all Sporcle quizzes.
Sign Up with Email
OR
Log In

You Might Also Like...

Show Comments

Extras

Top Quizzes Today


Score Distribution

Your Account Isn't Verified!

In order to create a playlist on Sporcle, you need to verify the email address you used during registration. Go to your Sporcle Settings to finish the process.